00501nas a22001577a 4500008004100000022001400041245005400055260009600109300000900205546001400214590004100228590002600269650002100295942001200316999001500328130403t20049999ag ||||| |||| 00| 0 spa d a1514-9048 aRevista del Torax de la Provincia de Buenos Aires aBuenos Aires,bSociedad de Tisiologia y Neumonologia de la Provincia de Buenos Aires:c2004 av. : aespañol aExistencias: 2004 6(11); 2009 10(18) aIndizada en: Latindex aNEUMOLOGIA92010 2ddccCR c1296d1296